Catalog

Record Details

Catalog Search



Jak myška snědla měsíc  Cover Image Book Book

Jak myška snědla měsíc / Petr Horáček

Horáček, Petr, 1967- (Author, Illustrator).

Record details

  • ISBN: 978-80-262-1558-5
  • Physical Description: 25 nečíslovaných stran : barevné ilustrace ; 26 cm
  • Edition: Vydání první
  • Publisher: Praha : Portál, 2020

Content descriptions

General Note:
Přeloženo z angličtiny
Obálka a některé strany s výřezy
Genre: anglicky psané příběhy
publikace pro děti
autorské knihy
stories in English
children's literature
authors' books

Available copies

  • 1 of 1 copy available at Common Catalog SPOK.

Holds

  • 0 current holds with 1 total copy.
Show Only Available Copies
Location Call Number / Copy Notes Barcode Shelving Location Status Due Date
Jabok Library BL-4.1/H 424480043522 Beletrie Available -

LDR 01619cam a2200469 i 4500
00147487
003CZ-PrJAB
00520201221084411.0
007ta
008200401s2020 xr a a 000 j cze d
015 . ‡acnb003221075
020 . ‡a978-80-262-1558-5 ‡q(vázáno)
035 . ‡a(CZ PrNK)nkc20203221075
035 . ‡a(OCoLC)1200256250
040 . ‡aTUG001 ‡bcze ‡dHBG501 ‡dCBA001 ‡dBOA001 ‡erda
0411 . ‡acze ‡heng
072 7. ‡a821.111-3 ‡xAnglická próza, anglicky psaná ‡2Konspekt ‡925
072 7. ‡a821-93 ‡xLiteratura pro děti a mládež (beletrie) ‡2Konspekt ‡926
080 . ‡a821.111-32 ‡2MRF
080 . ‡a821-93 ‡2MRF
080 . ‡a(0:82-32) ‡2MRF
080 . ‡a(0.027.6)74/77 ‡2MRF
1001 . ‡aHoráček, Petr, ‡d1967- ‡7xx0151165 ‡4aut ‡4ill
24010. ‡aMouse who ate the moon. ‡lČesky
24510. ‡aJak myška snědla měsíc / ‡cPetr Horáček
250 . ‡aVydání první
264 1. ‡aPraha : ‡bPortál, ‡c2020
300 . ‡a25 nečíslovaných stran : ‡bbarevné ilustrace ; ‡c26 cm
336 . ‡atext ‡btxt ‡2rdacontent
336 . ‡astatický obraz ‡bsti ‡2rdacontent
337 . ‡abez média ‡bn ‡2rdamedia
338 . ‡asvazek ‡bnc ‡2rdacarrier
500 . ‡aPřeloženo z angličtiny
500 . ‡aObálka a některé strany s výřezy
655 7. ‡aanglicky psané příběhy ‡7fd183173 ‡2czenas
655 7. ‡apublikace pro děti ‡7fd133156 ‡2czenas
655 7. ‡aautorské knihy ‡7fd756049 ‡2czenas
655 9. ‡astories in English ‡2eczenas
655 9. ‡achildren's literature ‡2eczenas
655 9. ‡aauthors' books ‡2eczenas
910 . ‡aABG312
995 . ‡aska
901 . ‡a47487 ‡bCZ-PrJAB ‡c47487 ‡tbiblio

Additional Resources